Le Cid Campeador / (Record no. 145926)

MARC details
000 -LEADER
campo de control de longitud fija 00497nam a2200181 i 4500
001 - NÚMERO DE CONTROL
campo de control 145926
003 - IDENTIFICADOR DE NÚMERO DE CONTROL
campo de control ES-MaACL
007 - CAMPO FIJO DE DESCRIPCIÓN FÍSICA--INFORMACIÓN GENERAL
campo de control de longitud fija t|
008 - DATOS DE LONGITUD FIJA--INFORMACIÓN GENERAL
campo de control de longitud fija 071018s1927 fr ||||1| fre d
100 1# - ENTRADA PRINCIPAL--NOMBRE DE PERSONA
Nombre de persona Verdal, Georges.
9 (RLIN) 114003
245 13 - MENCIÓN DEL TÍTULO
Título Le Cid Campeador /
Mención de responsabilidad, etc. Georges Verdal.
260 ## - PUBLICACIÓN, DISTRIBUCIÓN, ETC.
Lugar de publicación, distribución, etc. Paris :
Nombre del editor, distribuidor, etc. Larousse,
Fecha de publicación, distribución, etc. 1927.
300 ## - DESCRIPCIÓN FÍSICA
Extensión 126 p. ;
Dimensiones 20 cm.
490 1# - MENCIÓN DE SERIE
Mención de serie Recits et legendes d'Espagne
830 0# - PUNTO DE ACCESO ADICIONAL DE SERIE-TÍTULO UNIFORME
Título uniforme Recits et legendes d'Espagne
9 (RLIN) 220804
852 ## - LOCALIZACIÓN
Ubicación ES-MaACL
Número de control de estantería B-6267
Holdings
Estatus retirado Estado de pérdida Estado de daño No para préstamo Biblioteca de origen Biblioteca actual Ubicación en estantería Fecha de adquisición Fuente de adquisición Total de préstamos Signatura topográfica completa Código de barras Visto por última vez Precio de reemplazo Tipo de ítem Koha
        Biblioteca del Ateneo de Madrid Biblioteca del Ateneo de Madrid Sala Pardo Bazán 17/01/2008     B-6267 1152317 23/02/2023 23/02/2023 Libro impreso